000 00298nam a22001337a 4500
008 170627b xxu||||| |||| 00| 0 eng d
020 _a0826403301
041 _aeng
080 _a94
100 _a16
101 _aSHH
245 _aTHE SUFFERINGS OF YOUNG WERTHER
_cGOETHE,J.W
942 _2udc
_cBK
999 _c19124
_d19124